Städte der UEFA Euro 2024 auf einer Karte - Statistiken

Allgemein
  • Dieses Quiz wurde 204 mal gespielt
  • Das Durchschnittsergebnis liegt bei 10 aus 10
Antworten auf der Karte
Die Antworten werden auf der Karte rot bzw. grün angezeigt, abhängig davon wie oft sie richtig erraten wurden.
 
Antwortstatistiken
Stadt % Korrekt
München
100%
Berlin
99%
Dortmund
99%
Hamburg
99%
Köln
97%
Stuttgart
97%
Frankfurt
96%
Leipzig
96%
Düsseldorf
94%
Gelsenkirchen
89%
Keine übereinstimmenden Quizze gefunden
Verteilung der Resultate
Anzahl Personen mit jedem Resultat
Perzentil nach korrekt beantworteten Fragen
Ihre Resultats-Entwicklung
Sie haben dieses Quiz noch nicht gespielt